BIBLIOTHÈQUE DE LA MAISON DU MEXIQUE

Logo 1 Logo 2

El derecho y las ciencias sociales (notice nᵒ 3937)

détails MARC
000 -Sello discográfico
campo de control de longitud fija 01237nam a2200349 4500
005 - Identificación de versión
campo de control 20251016083715.0
035 ## - Otros números de control del sistema
Número de control del sistema 9965
099 ## - fechas locales
Tipo de ítem Koha LIBRO
100 ## - Datos de procesamiento general
Datos de procesamiento general 19990218d1973 m y1spay5003 ba
101 ## - Idioma del recurso
Idioma del texto, banda sonora, etc. Español; Castellano
Idioma de la obra original Inglés
105 ## - Campo de datos codificados: Material textual, monográfico
Datos codificados de monografía y 001zy
200 1# - Título y mención de responsabilidad
Título propio El derecho y las ciencias sociales
Designación general del material texto impreso
Otra información del título en la segunda mitad del siglo
Primer mención de responsabilidad Julius Stone
Declaración de responsabilidad subsiguiente traducción Remigio Jasso
205 ## - Declaración de edición
Declaración de edición 1a ed
210 ## - Publicación, distribución, etc.
Lugar de publicación, distribución, etc. México
Nombre del editor, distribuidor, etc. Fondo de Cultura Económica
Fecha de publicación, distribución, etc. 1973
215 ## - Descripción física
Designación de material específico y extensión del ítem 187 p
Dimensiones 17 cm
300 ## - Notas generales
Texto de la nota Incluye notas e índice de nombres
345 ## - Nota de información de adquisición
Fuente de adquisición/dirección de la suscripción [OBSOLETO] Donación
410 #1 - Series
Título Breviarios del Fondo de Cultura Económica
Número de volumen 234
454 #1 - Traducción de
Título Law and the Social Sciences in the Second Half Century
606 ## - Término temático usado como materia
Elemento de entrada Jurisprudencia sociológica
Subdivisión temática Alocuciones, ensayos y conferencias
Número Koha 7774
606 ## - Término temático usado como materia
Elemento de entrada Procedimiento judicial
Subdivisión temática Alocuciones, ensayos y conferencias
Número Koha 7775
660 ## - Código de área geográfica
Código MX
700 ## - Nombre personal - Responsabilidad primaria
Elemento de entrada Stone
Parte del nombre distinta del elemento de entrada Julius
Fechas 1907-1985
Número Koha 7776
702 ## - Nombre personal - Responsabilidad secundaria
Elemento de entrada Jasso
Parte del nombre distinta del elemento de entrada Remigio
Número Koha 7777
801 #0 - Fuente de origen
País FR
Agencia cm
Reglas de catalogación (convenciones descriptivas) AFNOR
900 ## -
-- 1/18320
900 ## -
-- 7109910230\180299
942 ## - ELEMENTOS DE ENTRADA SECUNDARIOS (KOHA)
Tipo de ítem Koha Livre
996 ## -
-- MEX
-- 751145101
-- MMAG
-- 004713
-- 082.1 B846 V.234
-- 20210428LIV
Exemplaires
Estatus retirado Estado de daño Estado de pérdida Fecha de adquisición Biblioteca de origen Biblioteca actual Ubicación en estantería Código de barras Precio de reemplazo Signatura topográfica completa No para préstamo Tipo de ítem Koha Nota pública Nota no pública
      05/08/2025 Casa México Paris Casa México Paris   004713 05/08/2025 082.1 B846 V.234   Livre 20210428LIV 751145101